Partial differential equations : analytical solution techniques /

Guardado en:
Autor Principal: Kevorkian, J.
Formato: Libro
Idioma:English
Publicado: New York : Springer, c2000.
Edición:2nd ed.
Series:Texts in applied mathematics ; 35
Materias:
Etiquetas: Agregar Etiqueta
Sin Etiquetas, Sea el primero en etiquetar este registro!
LEADER 00815cam a22002414a 4500
001 MAT.inmabb004025
008 990607s2000####nyua#####b####001#0#eng##
005 20130208143823.0
245 1 0 |a Partial differential equations :  |b analytical solution techniques /  |c J. Kevorkian. 
250 |a 2nd ed. 
260 |a New York :  |b Springer,  |c c2000. 
300 |a xi, 636 p. :  |b il. ;  |c 25 cm. 
440 0 |a Texts in applied mathematics ;  |v 35 
504 |a Incluye referencias bibliográficas (p. [617]-619) e índice. 
510 4 |a MR,  |c 2000i:35001 
510 4 |a MR,  |c 91c:35001  |3 (de la 1a. ed.) 
020 |a 0387986057 
100 1 |a Kevorkian, J. 
650 0 |a Differential equations, Partial  |x Numerical solutions. 
084 |a 35-01  |2 MR 
010 |a  99016552  
040 |a DLC  |c DLC 
859 |h 35  |i K43  |p A-8371  |b BIB. MATEMATICA